000 00329nam a2200121 a 4500
005 20141022142000.0
008 080925s19uu xx 00 eng d
050 _aVHS
_bTI43 1992
245 _aDulaan: an essay on philippine ethnic theater.
650 _aVHS.
650 _aAn essay on philippine ethnic theater.
942 _cAVM
999 _c276202
_d276202